书目信息 |
| 题名: |
拆掉思维里的篱笆
|
|
| 作者: | 谢普 编著 | |
| 分册: | ||
| 出版信息: | 北京 现代出版社 2019 |
|
| 页数: | 218页 | |
| 开本: | 21cm | |
| 丛书名: | ||
| 单 册: | ||
| 中图分类: | B804-49 | |
| 科图分类: | ||
| 主题词: | 思维方法--si wei fang fa--通俗读物 | |
| 电子资源: | ||
| ISBN: | 978-7-5143-6742-3 | |
| 000 | 00885nam0 2200241 450 | |
| 001 | 012001006804 | |
| 005 | 20131017162826.0 | |
| 010 | @a978-7-5143-6742-3@dCNY39.80 | |
| 099 | @aCAL 012019061400 | |
| 100 | @a20190512d2019 em y0chiy50 ea | |
| 101 | 0 | @achi |
| 102 | @aCN@b110000 | |
| 105 | @ay z 000yy | |
| 106 | @ar | |
| 200 | 1 | @a拆掉思维里的篱笆@Achai diao si wei li de li ba@f谢普编著 |
| 210 | @a北京@c现代出版社@d2019 | |
| 215 | @a218页@d21cm | |
| 330 | @a本书是资深学者写给大众的书,用通俗易懂的方式介绍了日常思维的小秘密和小技巧。从而让你成为一个有着独立精神、不轻信、不盲从的理性主意者。本书共分5部分,主要内容包括:别让思维左右你的头脑、从思维中解放自我、努力使思维变得更灵活等。 | |
| 606 | 0 | @a思维方法@Asi wei fang fa@j通俗读物 |
| 690 | @aB804-49@v5 | |
| 701 | 0 | @a谢普@Axie pu@4编著 |
| 801 | 0 | @aCN@b上海新华@c20191020 |
| 905 | @b1175437-40@dB804-49@e129@f4 | |
| 拆掉思维里的篱笆/谢普编著.-北京:现代出版社,2019 |
| 218页;21cm |
| ISBN 978-7-5143-6742-3:CNY39.80 |
| 本书是资深学者写给大众的书,用通俗易懂的方式介绍了日常思维的小秘密和小技巧。从而让你成为一个有着独立精神、不轻信、不盲从的理性主意者。本书共分5部分,主要内容包括:别让思维左右你的头脑、从思维中解放自我、努力使思维变得更灵活等。 |
| ● |
| 相关链接 |
|
|
|
|
正题名:拆掉思维里的篱笆
索取号:B804-49/129
 
预约/预借
| 序号 | 登录号 | 条形码 | 馆藏地/架位号 | 状态 | 备注 |
| 1 | 1175437 | 211754378 | 第一样本阅览室/ [索取号:B804-49/129] | 在馆 | |
| 2 | 1175438 | 211754387 | 第一借阅区/ [索取号:B804-49/129] | 在馆 | |
| 3 | 1175439 | 211754396 | 第一借阅区/ [索取号:B804-49/129] | 在馆 | |
| 4 | 1175440 | 211754403 | 第一借阅区/ [索取号:B804-49/129] | 在馆 |